a kids book about Adoption / (Record no. 203836)

MARC details
000 -LEADER
fixed length control field 01257nam a2200313 ia4500
003 - CONTROL NUMBER IDENTIFIER
control field OSt
005 - DATE AND TIME OF LATEST TRANSACTION
control field 20260414120144.0
008 - FIXED-LENGTH DATA ELEMENTS--GENERAL INFORMATION
fixed length control field 260414s2025 nyua jrb 000 0 eng d
020 ## - INTERNATIONAL STANDARD BOOK NUMBER
International Standard Book Number 9780241742990
Terms of availability RM 98.90
Qualifying information hardback
040 ## - CATALOGING SOURCE
Original cataloging agency PPAK
Language of cataloging eng
Transcribing agency PPAK
Description conventions rda
082 04 - DEWEY DECIMAL CLASSIFICATION NUMBER
Edition number 23
Classification number 362.734
090 00 - LOCALLY ASSIGNED LC-TYPE CALL NUMBER (OCLC); LOCAL CALL NUMBER (RLIN)
Classification number (OCLC) (R) ; Classification number, CALL (RLIN) (NR) 362.734
Feature heading GUR
Feature heading K
100 1# - MAIN ENTRY--PERSONAL NAME
Personal name Gurske, Leul,
Relator term author.
245 10 - TITLE STATEMENT
Title a kids book about Adoption /
Statement of responsibility, etc. by Leul Gurske & Nabil Zerizef.
246 30 - VARYING FORM OF TITLE
Title proper/short title Adoption
250 ## - EDITION STATEMENT
Edition statement First American edition.
264 #1 - PRODUCTION, PUBLICATION, DISTRIBUTION, MANUFACTURE, AND COPYRIGHT NOTICE
Place of production, publication, distribution, manufacture New York :
Name of producer, publisher, distributor, manufacturer DK Publishing,
Date of production, publication, distribution, manufacture, or copyright notice [2025]
300 ## - PHYSICAL DESCRIPTION
Extent 1 volume (unpaged) :
Other physical details colour illustrations ;
Dimensions 26 cm
336 ## - CONTENT TYPE
Content type term text
Source rdacontent
337 ## - MEDIA TYPE
Media type term unmediated
Source rdamedia
338 ## - CARRIER TYPE
Carrier type term volume
Source rdacarrier
490 1# - SERIES STATEMENT
Series statement a kids book about
520 ## - SUMMARY, ETC.
Summary, etc. "Help your child to better understand the uniqueness and complexities of adoption. This is a kids' book about adoption. It dives into what makes each adoption story so unique and special - and breaks down some of the complexities that come with it.--
Assigning source Provided by publisher. <br/>
650 10 - SUBJECT ADDED ENTRY--TOPICAL TERM
Topical term or geographic name entry element Adoption
Form subdivision Juvenile literature
Topical term or geographic name entry element Families
Form subdivision Juvenile literature
700 1# - ADDED ENTRY--PERSONAL NAME
Personal name Zerizef, Nabil,
Relator term author.
830 #0 - SERIES ADDED ENTRY--UNIFORM TITLE
Uniform title a kids book about
942 ## - ADDED ENTRY ELEMENTS (KOHA)
Source of classification or shelving scheme Dewey Decimal Classification
Koha item type Book
Holdings
Withdrawn Not for loan Current library Shelving location Date acquired Total Checkouts Full call number Barcode Date last seen Koha item type
    Perpustakaan Alor Setar Pinjaman Kanak-kanak 26/04/2026   K 362.734 GUR A01915104 26/04/2026 Book
    Perpustakaan Awam Sungai Petani Pinjaman Kanak-kanak 26/04/2026   K 362.734 GUR A01915105 26/04/2026 Book
    Perpustakaan Jitra Pinjaman Kanak-kanak 26/04/2026   K 362.734 GUR A01915106 26/04/2026 Book
    Perpustakaan Kulim Pinjaman Kanak-kanak 26/04/2026   K 362.734 GUR A01915108 26/04/2026 Book
    Perpustakaan Langkawi Pinjaman Kanak-kanak 26/04/2026   K 362.734 GUR A01915107 26/04/2026 Book